<?xml version="1.0" encoding="UTF-8"?>
<record
    xmlns:xsi="http://www.w3.org/2001/XMLSchema-instance"
    xsi:schemaLocation="http://www.loc.gov/MARC21/slim http://www.loc.gov/standards/marcxml/schema/MARC21slim.xsd"
    xmlns="http://www.loc.gov/MARC21/slim">

  <leader>03028nam a2200325uu 4500</leader>
  <controlfield tag="001">1532577</controlfield>
  <controlfield tag="005">20260508093646.0</controlfield>
  <controlfield tag="008">190823s1993                        spa  </controlfield>
  <datafield tag="020" ind1=" " ind2=" ">
    <subfield code="a">9505571712</subfield>
  </datafield>
  <datafield tag="035" ind1=" " ind2=" ">
    <subfield code="a">1532577</subfield>
  </datafield>
  <datafield tag="040" ind1=" " ind2=" ">
    <subfield code="c">comduadb</subfield>
  </datafield>
  <datafield tag="041" ind1=" " ind2=" ">
    <subfield code="a">spa</subfield>
  </datafield>
  <datafield tag="082" ind1=" " ind2="4">
    <subfield code="a">943</subfield>
  </datafield>
  <datafield tag="100" ind1="1" ind2="0">
    <subfield code="a">Herf, Jeffrey,</subfield>
    <subfield code="d">1947-</subfield>
    <subfield code="4">aut</subfield>
    <subfield code="e">aut</subfield>
    <subfield code="9">790686</subfield>
  </datafield>
  <datafield tag="245" ind1="1" ind2="3">
    <subfield code="a">El modernismo reaccionario : tecnolog&#xED;a, cultura y pol&#xED;tica en Weimar y el Tercer Reich</subfield>
  </datafield>
  <datafield tag="260" ind1=" " ind2=" ">
    <subfield code="a">M&#xE9;xico :</subfield>
    <subfield code="b">Fondo de Cultura Econ&#xF3;mica,</subfield>
    <subfield code="c">1993.</subfield>
  </datafield>
  <datafield tag="300" ind1=" " ind2=" ">
    <subfield code="a">515 p&#xE1;ginas</subfield>
  </datafield>
  <datafield tag="336" ind1=" " ind2=" ">
    <subfield code="a">texto</subfield>
    <subfield code="b">txt</subfield>
    <subfield code="0">(uri)http://www.rdaregistry.info/termList/RDAContentType/#1020</subfield>
    <subfield code="2">rdacontent</subfield>
  </datafield>
  <datafield tag="490" ind1="0" ind2=" ">
    <subfield code="a">Colecci&#xF3;n Popular ;</subfield>
    <subfield code="v">455</subfield>
  </datafield>
  <datafield tag="505" ind1=" " ind2=" ">
    <subfield code="a">CONTENIDO : La paradoja del modernismo reaccionario. -- La revoluci&#xF3;n conservadora de Weimar. -- Oswald Spengler : Antinomias burguesas, conciliaciones reaccionarias. -- El realismo m&#xE1;gico de Ernst Junger. -- La tecnolog&#xED;a y tres pensadores mandarines. -- Werner Sombart : la tecnolog&#xED;a y la cuesti&#xF3;n jud&#xED;a. -- Los ingenieros como ide&#xF3;logos. -- El modernismo reaccionario en el Tercer Reich. -- Conclusi&#xF3;n. -- Ensayo bibliogr&#xE1;fico.</subfield>
  </datafield>
  <datafield tag="520" ind1="3" ind2=" ">
    <subfield code="a">La interpretaci&#xF3;n de una tradici&#xF3;n cultural que Jeffrey Herf llama modernismo reaccionario tiene aqu&#xED; su punto de partida en la idea de la dial&#xE9;ctica de la Ilustraci&#xF3;n debida a Theodor Adorno y Max Horkheimer, y en las controvertidas opiniones sustentadas por Herbert Marcuse respecto la interrelaci&#xF3;n entre tecnolog&#xED;a y sociedad. La idea fundamental de Herf es la siguiente: "Antes y despu&#xE9;s de la toma del poder por parte de los nazis, una corriente importante dentro de la ideolog&#xED;a conservadora y luego dentro de la ideolog&#xED;a nazi fue una conciliaci&#xF3;n entre las ideas antimodernistas, rom&#xE1;nticas e irracionales del nacionalismo alem&#xE1;n y la manifestaci&#xF3;n m&#xE1;s obvia de la racionalidad de medios y fines, es decir, la tecnolog&#xED;a moderna." El autor reconsidera la influencia que en la revoluci&#xF3;n conservadora de Weimar tuvieron Hans Freyer, Ernst J&#xFC;nger, Carl Schmitt, Wemer Sombart y Oswald Spengler, para matizar la paradoja resultante de rechazar la Ilustraci&#xF3;n y aceptar el progreso tecnol&#xF3;gico, reorientado b&#xE1;sicamente a ciertas necesidades militares e industriales transformadas en virtudes nacionales. Se pensaba entonces que Alemania podr&#xED;a alcanzar ese romanticismo altamente tecnol&#xF3;gico, como tan acertadamente lo defini&#xF3; Thomas Mann. En consecuencia, el autor demuestra que una de las tareas ineludibles del soci&#xF3;logo es desentra&#xF1;ar las conexiones -a veces elusivas- entre la estructura socioecon&#xF3;mica, las tendencias culturales y la pol&#xED;tica.</subfield>
  </datafield>
  <datafield tag="600" ind1="1" ind2="4">
    <subfield code="a">J&#xFC;nger, Ernst,</subfield>
    <subfield code="d">1895-1998</subfield>
    <subfield code="9">504683</subfield>
  </datafield>
  <datafield tag="650" ind1=" " ind2=" ">
    <subfield code="a">Rep&#xFA;blica de Weimar</subfield>
    <subfield code="9">50462</subfield>
  </datafield>
  <datafield tag="650" ind1=" " ind2=" ">
    <subfield code="a">Tercer Reich</subfield>
    <subfield code="9">151927</subfield>
  </datafield>
  <datafield tag="650" ind1=" " ind2=" ">
    <subfield code="a">Tecnolog&#xED;a y Estado</subfield>
    <subfield code="9">23254</subfield>
  </datafield>
  <datafield tag="650" ind1=" " ind2=" ">
    <subfield code="a">Spengler, Oswald 1880-1936</subfield>
    <subfield code="9">122881</subfield>
  </datafield>
  <datafield tag="651" ind1=" " ind2="7">
    <subfield code="a">Alemania</subfield>
    <subfield code="x">Historia</subfield>
    <subfield code="2">lemb</subfield>
    <subfield code="9">857038</subfield>
  </datafield>
  <datafield tag="700" ind1="1" ind2="0">
    <subfield code="a">Su&#xE1;rez, Eduardo L.</subfield>
    <subfield code="4">trl</subfield>
    <subfield code="0">(isni)0000 0000 0034 6088</subfield>
    <subfield code="0">(viaf)54232742</subfield>
    <subfield code="e">trl</subfield>
    <subfield code="9">516045</subfield>
  </datafield>
  <datafield tag="942" ind1=" " ind2=" ">
    <subfield code="c">BOOK</subfield>
  </datafield>
  <datafield tag="999" ind1=" " ind2=" ">
    <subfield code="c">804800</subfield>
    <subfield code="d">804800</subfield>
  </datafield>
  <datafield tag="952" ind1=" " ind2=" ">
    <subfield code="0">0</subfield>
    <subfield code="1">0</subfield>
    <subfield code="2">ddc</subfield>
    <subfield code="4">0</subfield>
    <subfield code="7">0</subfield>
    <subfield code="8">GENERAL</subfield>
    <subfield code="a">CARME</subfield>
    <subfield code="b">CARME</subfield>
    <subfield code="d">2019-08-23</subfield>
    <subfield code="e">Material adquirido por donaci&#xF3;n</subfield>
    <subfield code="f">DONA</subfield>
    <subfield code="g">70000.00</subfield>
    <subfield code="i">C1319134</subfield>
    <subfield code="l">0</subfield>
    <subfield code="o">943.085 H544</subfield>
    <subfield code="p">01066531</subfield>
    <subfield code="r">2023-05-04 00:00:00</subfield>
    <subfield code="t">1</subfield>
    <subfield code="w">2023-05-04</subfield>
    <subfield code="y">BOOK</subfield>
  </datafield>
</record>
